00366nam a2200121Ia 4500008004100000020005500041040000800096082002000104100002800124245007200152260000900224264001100233231129s2008||||xx |||||||||||||| ||spa|| a978-958-44-3689-4  bspa a796.09861 N337h aNazzar Nazzar Salvador 0aHistoria del deporte en Colombia en el siglo XX: figuras deportivas c2008 a[s.n.]